logo

FRONTERA QUE NUNCA EXISTIO LA (Record no. 66131)

MARC details
000 -CABECERA
campo de control de longitud fija 00497nam a2200193Ia 4500
001 - NÚMERO DE CONTROL
campo de control 30807
005 - FECHA Y HORA DE LA ÚLTIMA TRANSACCIÓN
campo de control 20260407100227.0
008 - CÓDIGOS DE INFORMACIÓN DE LONGITUD FIJA
campo de control de longitud fija 260115s9999 xx 000 0 und d
010 ## - NÚMERO DE CONTROL DE LA BIBLIOTECA DEL CONGRESO
Número de control de LC 66131
035 ## - NÚMERO DE CONTROL DEL SISTEMA
Número de control de sistema 20791
090 ## - LOCALMENTE ASIGNADO TIPO-LC NÚMERO DE CLASIFICACIÓN (OCLC); NÚMERO DE CLASIFICACIÓN LOCAL (RLIN)
Número de clasificación (OCLC) (R) ; Numero de clasificación CALL (RLIN) (NR) 821.134.2. (602.5)
100 ## - PUNTO DE ACCESO PRINCIPAL - NOMBRE DE PERSONA
Nombre de persona ALONSO DE LA TORRE JOSE RAMON
245 #0 - MENCIÓN DE TÍTULO
Título FRONTERA QUE NUNCA EXISTIO LA
260 ## - PUBLICACIÓN, DISTRIBUCIÓN, ETC. (PIE DE IMPRENTA)
Nombre del editor distribuidor etc. EDITORIAL REGIONAL EXTREMADURA
Fecha de publicación distribución etc. 2006
630 ## - PUNTO DE ACCESO ADICIONAL DE MATERIA--TÍTULO UNIFORME
Título uniforme LITERATURA ESPEÑOLA
650 ## - PUNTO DE ACCESO ADICIONAL DE MATERIA--TÉRMINO DE MATERIA
Término de materia o nombre geográfico como elemento inicial VIAJES
650 ## - PUNTO DE ACCESO ADICIONAL DE MATERIA--TÉRMINO DE MATERIA
Término de materia o nombre geográfico como elemento inicial COSTUMBRES EXTREMADURA
942 ## - ELEMENTOS DE PUNTO DE ACCESO ADICIONAL (KOHA)
Tipo de ítem Koha Monografías
Holdings
Estado de retiro Estado de pérdida Estado dañado No para préstamo Código de colección Localización permanente Ubicación/localización actual Ubicación en estantería Fecha de adquisición Enumeración/cronología de publicación seriada Número de inventario Número de registro Total de préstamos Signatura topográfica completa Código de barras Fecha visto por última vez Número de copia Precio válido a partir de Tipo de ítem Koha Nota pública
          Servicio de Estudios Históricos Servicio de Estudios Históricos   23/03/2009 821.134.2. (602.5) 27648 27648   20791 FH_30807 05/02/2026 1 05/02/2026 Monografías 20 X 14 CMS. 200 PAGINAS, MERIDA (BADAJOZ) 2006, 12,50 € ; 84-7671-874-8.